THINKING through new literacies for primary and early years
Saved in:
| 主要作者: | |
|---|---|
| 格式: | 图书 |
| 语言: | 英语 |
| 出版: |
SAGE/Learning Matters
2013.
|
| 标签: |
添加标签
没有标签, 成为第一个标记此记录!
|
MARC
| LEADER | 00000nam a22000007a 4500 | ||
|---|---|---|---|
| 008 | 210628b ||||| |||| 00| 0 eng d | ||
| 020 | |a 978-0-8572-809-0 | ||
| 100 | |a Metcalfe, Jayne...[et al.] | ||
| 245 | |a THINKING through new literacies for primary and early years |c Jayne Metcalfe, Debbie Simpson, Ian Todd, and Mike Toyn |e thinking through education |g vii:197p.;ill. | ||
| 250 | |c Jayne Metcalfe, Debbie Simpson, Ian Todd, and Mike Toyn | ||
| 260 | |b SAGE/Learning Matters |c 2013. |h Los Angeles |i 692544 |l LB1576.T34 |m Literacy--Study and teaching (Elementary)--Great Britain. | ||
| 500 | |a "it includes index and references" | ||
| 942 | |a lcc |c BK |e YUNUSA, A.A. |f 28/6/21 | ||
| 952 | |0 0 |1 0 |2 lcc |4 0 |6 LB1576 T34 |7 0 |9 2700 |a HOL |b HOL |c LP |d 2021-06-28 |l 0 |o LB1576.T34 |p 2021-6544 |r 2021-06-28 00:00:00 |w 2021-06-28 |y BK | ||
| 999 | |c 1401 |d 1401 | ||